Clic Paris en chiffres - Statistiques

Statistiques générales
  • Ce quiz a été pris 17 fois
  • Le résultat moyen est 4 sur 30
Statistiques - réponses
Hint Réponse % Correct
Année d'ouverture du Bon Marché 1852
57%
Année de plantation du plus vieil arbre de Paris 1601
43%
Année de construction de la plus vieille maison de Paris 1407
36%
Voyageurs par an gare du Nord 207 500 000
29%
Visiteurs quotidiens de la Tour Eiffel en 2022 Env. 17500
29%
Nombres de passagers dans la station de métro la plus fréquentée Env. 50 800 000
29%
Nombre de maternités 16
21%
Nombre de lycées 252
21%
Nombre d'arbres 487 000
21%
Point culminant de Paris (en mètres) 128
14%
Nombre de collèges 220
14%
Surface de bureaux à la défense en m2 3 450 000
14%
Visiteurs quotidiens de la Joconde 15 000
7%
Distance parcourue par les ascenseurs de la Tour Eiffel / an 3000
7%
Nombre de jours de soldes dans les commerces 82
7%
Terrasses Env. 12 000
7%
Nombre de galeries d'art Env. 1 300
7%
Kilomètres de trottoirs 2900
0%
Morts dans un accident de la route en 2021 45
0%
Colonnes Morris 550
0%
Nombre de ruches 70
0%
Nombre de bibliothèques municipales 72
0%
Nombre de tuyaux du grand orgue de Notre-Dame 7374
0%
Surface du plus petit jardin public de Paris, rue Visconti 80
0%
Surface de la place de la Concorde 86 400
0%
Marchés alimentaires 97
0%
Tournages chaque jour à Paris Env. 10
0%
Nombre d'artisans d'art Env. 1400
0%
Chansons sur Paris Env. 2 800
0%
Nombre d'agriculteurs dans Paris Env. 350
0%
Aucun quiz correspondant
Distribution des résultats
% des personnes avec chaque résultat
Percentile par nombre de réponses
Votre historique - résultats
Vous n’avez pas pris ce quiz